[Event "Landesklasse West 2024/25"]
[Site "?"]
[Date "2025.04.27"]
[Round "8.6"]
[White "Schmidt, Kevin"]
[Black "Häfner, Jaime"]
[Result "1/2-1/2"]
[WhiteElo "1620"]
[BlackElo "1581"]
[PlyCount "71"]
[EventDate "2024.09.15"]
[EventType "team-tourn"]
[EventRounds "9"]
[WhiteTeam "SG Barchfeld/Breitungen"]
[BlackTeam "SC Rochade Steinbach-Hallenberg"]

{[%evp 0,71,22,27,22,-3,-3,5,-2,-10,21,4,35,37,46,45,46,44,42,40,61,66,65,26,34,-39,-56,-36,-26,-44,-46,-181,-182,-198,-121,-115,-128,-112,-127,-127,-106,-135,-144,-163,-117,-121,-111,-103,-108,-117,-55,-52,-70,-70,-48,-33,0,-87,-83,-91,-102,-87,-68,-85,-67,-71,-78,-76,-77,-79,-82,-84,-77,-86]} 1. d4 Nf6 2. c4 e6 3. Nc3 d5 4. Bg5 c6 5. Nf3 Be7 6. e3 Nbd7 7. Bd3 O-O 8. O-O dxc4 9. Bxc4 b5 10. Bd3 a6 11. a3 c5 12. b3 Bb7 13. Qe2 Qb6 14. Ne5 Rfd8 15. Bxf6 Nxf6 16. Nf3 Bxf3 17. Qxf3 cxd4 18. exd4 Qxd4 19. Rfd1 Qb6 20. Ne4 Rac8 21. b4 Nxe4 22. Bxe4 Bf6 23. Rxd8+ Rxd8 24. Rc1 Qd6 25. g3 Qd2 26. Rc2 Qe1+ 27. Kg2 a5 28. bxa5 Qxa5 29. Qb3 Be7 30. Bc6 g6 31. Bxb5 Qxa3 32. Qxa3 Bxa3 33. Ra2 Bc5 34. Rc2 Bb6 35. Rb2 Bc5 36. Bc4 1/2-1/2

[Event "Landesklasse West 2024/25"]
[Site "?"]
[Date "2025.04.27"]
[Round "8.7"]
[White "Hoffmann, Karsten"]
[Black "Reum, Lutz"]
[Result "1/2-1/2"]
[WhiteElo "1645"]
[BlackElo "1714"]
[PlyCount "23"]
[EventDate "2024.09.15"]
[EventType "team-tourn"]
[EventRounds "9"]
[WhiteTeam "SC Rochade Steinbach-Hallenberg"]
[BlackTeam "SG Barchfeld/Breitungen"]

1. e4 c6 2. d4 d5 3. Nc3 dxe4 4. Nxe4 Nf6 5. Nxf6+ exf6 6. c3 Bd6 7. Bd3 O-O 8. Qc2 Re8+ 9. Ne2 g6 10. Be3 b5 11. O-O-O a5 12. h4 1/2-1/2

[Event "Landesklasse West 2024/25"]
[Site "?"]
[Date "2025.04.27"]
[Round "8.8"]
[White "Heß, Wolfgang"]
[Black "Gandera, Pauline"]
[Result "1/2-1/2"]
[WhiteElo "1626"]
[BlackElo "1455"]
[PlyCount "83"]
[EventDate "2024.09.15"]
[EventType "team-tourn"]
[EventRounds "9"]
[WhiteTeam "SG Barchfeld/Breitungen"]
[BlackTeam "SC Rochade Steinbach-Hallenberg"]

1. e4 d5 2. exd5 Qxd5 3. Nc3 Qa5 4. d4 c6 5. Be2 Nf6 6. Nf3 Bf5 7. O-O e6 8. Bd3 Bxd3 9. Qxd3 Be7 10. Ne4 Nbd7 11. Nxf6+ Nxf6 12. c3 O-O 13. Bg5 h6 14. Bxf6 Bxf6 15. Qc2 Rfd8 16. h3 Rac8 17. a3 c5 18. dxc5 Qxc5 19. Rad1 a6 20. Rxd8+ Rxd8 21. Rd1 Rxd1+ 22. Qxd1 Qc7 23. Qd2 b5 24. Qd3 Qc6 25. Nd2 a5 26. Nf3 Qb7 27. Nd4 b4 28. axb4 axb4 29. Qb5 Qxb5 30. Nxb5 bxc3 31. bxc3 Kf8 32. Kf1 Ke7 33. Ke2 Kd7 34. Kd3 Be5 35. Kc4 Kc6 36. Na3 f5 37. Nc2 g5 38. g4 f4 39. f3 Bf6 40. Nd4+ Bxd4 41. Kxd4 Kd6 42. Kc4 1/2-1/2

[Event "Landesklasse West 2024/25"]
[Site "?"]
[Date "2025.04.27"]
[Round "8.1"]
[White "Hübschmann, Holger"]
[Black "Kachel, Alfred"]
[Result "1/2-1/2"]
[WhiteElo "1951"]
[BlackElo "1860"]
[PlyCount "47"]
[EventDate "2024.09.15"]
[EventType "team-tourn"]
[EventRounds "9"]
[WhiteTeam "Randspringer Bad Salzungen"]
[BlackTeam "SC Rochade Leinefelde"]

{[%evp 0,47,29,29,18,-2,25,19,30,9,41,23,37,46,42,14,31,38,43,36,57,58,55,43,35,13,-19,-10,4,-10,66,40,57,59,30,52,45,35,51,49,40,54,43,68,76,70,64,63,83,30]} 1. Nf3 d5 2. c4 c6 3. d4 Nf6 4. Nc3 e6 5. Bg5 Be7 6. e3 Nbd7 7. Rc1 O-O 8. Bd3 dxc4 9. Bxc4 b5 10. Bd3 h6 11. Bh4 Bb7 12. a3 a6 13. Bxf6 Bxf6 14. Ne4 e5 15. Nd6 Qc7 16. Nxb7 Qxb7 17. Be4 Rac8 18. O-O exd4 19. Nxd4 Bxd4 20. Qxd4 Nf6 21. Bf3 Rfd8 22. Qc5 Nd7 23. Qc3 Qb6 24. g3 1/2-1/2

[Event "Landesklasse West 2024/25"]
[Site "?"]
[Date "2025.04.27"]
[Round "8.2"]
[White "Meitzner, Jonathan Franz"]
[Black "Roth, Ralf"]
[Result "1/2-1/2"]
[WhiteElo "1689"]
[BlackElo "1816"]
[PlyCount "72"]
[EventDate "2024.09.15"]
[EventType "team-tourn"]
[EventRounds "9"]
[WhiteTeam "SC Rochade Leinefelde"]
[BlackTeam "Randspringer Bad Salzungen"]

{[%evp 0,72,27,14,65,65,65,63,90,10,64,54,119,110,123,108,123,132,136,142,188,190,194,180,177,156,160,131,126,150,144,142,165,143,132,113,108,51,35,12,62,-15,30,9,31,36,23,16,28,-42,-41,-45,-41,-51,-38,-36,-20,-34,-17,-17,-31,-22,-14,-40,-5,-13,-14,-7,-8,-39,-29,-19,-20,-41,-16]} 1. e4 d6 2. d4 Nf6 3. Nc3 g6 4. f4 c6 5. Nf3 Qa5 6. Bd3 b5 7. a3 Bg4 8. Bd2 Qc7 9. h3 Bxf3 10. Qxf3 a6 11. e5 Nfd7 12. O-O e6 13. exd6 Qxd6 14. Be3 Bg7 15. Ne4 Qc7 16. c3 Nb6 17. Nc5 Nd5 18. Bd2 Nd7 19. Ne4 O-O 20. Be3 N7b6 21. h4 Nxe3 22. Qxe3 Nd5 23. Qf3 Nf6 24. Ng3 c5 25. dxc5 Qxc5+ 26. Kh1 Rad8 27. Rad1 h5 28. Ne4 Qc7 29. Nxf6+ Bxf6 30. g3 Rd6 31. Rfe1 Qd7 32. Bc2 Rd8 33. Rxd6 Qxd6 34. Rd1 Qb6 35. Rxd8+ Qxd8 36. Qd3 Qxd3 1/2-1/2

[Event "Landesklasse West 2024/25"]
[Site "?"]
[Date "2025.04.27"]
[Round "8.3"]
[White "Burkhardt, Christian"]
[Black "Pfitzenreuter, Gerald"]
[Result "1/2-1/2"]
[WhiteElo "1683"]
[BlackElo "1863"]
[PlyCount "23"]
[EventDate "2024.09.15"]
[EventType "team-tourn"]
[EventRounds "9"]
[WhiteTeam "Randspringer Bad Salzungen"]
[BlackTeam "SC Rochade Leinefelde"]

{[%evp 0,23,27,27,26,-5,-2,-2,32,49,48,54,55,11,25,26,21,11,36,18,62,59,59,60,87,59]} 1. d4 d5 2. c4 e6 3. Nc3 c6 4. e3 Nf6 5. Nf3 Nbd7 6. b3 Bd6 7. Bb2 O-O 8. Bd3 dxc4 9. bxc4 e5 10. O-O exd4 11. exd4 Re8 12. Qc2 1/2-1/2

[Event "Landesklasse West 2024/25"]
[Site "?"]
[Date "2025.04.27"]
[Round "8.4"]
[White "Hellrung, Bernhard"]
[Black "Feldmann, Bernd"]
[Result "1/2-1/2"]
[WhiteElo "1774"]
[BlackElo "1822"]
[PlyCount "73"]
[EventDate "2024.09.15"]
[EventType "team-tourn"]
[EventRounds "9"]
[WhiteTeam "SC Rochade Leinefelde"]
[BlackTeam "Randspringer Bad Salzungen"]

{[%evp 0,73,27,14,42,47,36,36,42,2,30,40,58,36,47,16,26,13,13,8,10,13,3,0,0,-14,-16,-25,-5,-1,-3,-4,12,-20,20,-23,-5,-13,-17,-38,-18,-18,0,0,0,-55,0,-40,-10,19,19,-43,118,108,143,143,160,127,219,203,276,275,263,225,257,218,254,155,189,168,307,138,138,57,838,852]} 1. e4 e6 2. d4 d5 3. Nc3 Nf6 4. Bg5 Be7 5. e5 Nfd7 6. Bxe7 Qxe7 7. Qd2 a6 8. f4 c5 9. Nf3 Nc6 10. O-O-O b5 11. dxc5 Qxc5 12. Nd4 Nxd4 13. Qxd4 Qxd4 14. Rxd4 Bb7 15. Be2 Ke7 16. Kb1 Nb6 17. b3 Rhc8 18. Kb2 Rc7 19. Bd1 Rac8 20. Ne2 f6 21. exf6+ gxf6 22. Rf1 a5 23. Rf3 Ba6 24. Rh3 Kd6 25. Nc3 b4 26. Ne4+ Kc6 27. Nxf6 Bf1 28. Bf3 Rf7 29. Nxh7 Rg8 30. Ng5 Rf6 31. a3 bxa3+ 32. Kxa3 a4 33. bxa4 Nc4+ 34. Kb3 Kc5 35. Rd1 Ne3 36. Rd2 d4 37. Ne4+ 1/2-1/2

[Event "Landesklasse West 2024/25"]
[Site "?"]
[Date "2025.04.27"]
[Round "8.5"]
[White "Wiefel, Erik"]
[Black "Frank, Thomas"]
[Result "1/2-1/2"]
[WhiteElo "1610"]
[BlackElo "1816"]
[PlyCount "36"]
[EventDate "2024.09.15"]
[EventType "team-tourn"]
[EventRounds "9"]
[WhiteTeam "Randspringer Bad Salzungen"]
[BlackTeam "SC Rochade Leinefelde"]

{[%evp 0,36,27,-11,-3,-42,6,-2,-17,-23,-19,-15,-24,-4,-6,-6,-11,-7,-4,-41,-43,-31,-34,-42,-11,-18,-12,-8,25,1,0,-4,21,-6,0,6,-12,-20,40]} 1. c4 Nf6 2. g3 c6 3. Bg2 d5 4. cxd5 cxd5 5. d4 Nc6 6. Nf3 Bf5 7. O-O e6 8. Nc3 Bd6 9. a3 h6 10. b4 O-O 11. Bb2 Ne4 12. Rc1 Rc8 13. e3 Qe7 14. Nd2 Nxc3 15. Rxc3 Rc7 16. Qb3 Rfc8 17. Rfc1 a6 18. f4 Na7 1/2-1/2

[Event "Landesklasse West 2024/25"]
[Site "?"]
[Date "2025.04.27"]
[Round "8.7"]
[White "Keilholz, Stefan"]
[Black "Körner, Jonas"]
[Result "0-1"]
[WhiteElo "1333"]
[BlackElo "1583"]
[PlyCount "103"]
[EventDate "2024.09.15"]
[EventType "team-tourn"]
[EventRounds "9"]
[WhiteTeam "Randspringer Bad Salzungen"]
[BlackTeam "SC Rochade Leinefelde"]

{[%evp 0,103,26,14,51,61,84,59,62,50,46,31,57,32,28,21,23,8,11,-6,-17,7,4,-18,-22,-42,-31,-31,-46,-60,-58,-62,-51,-128,-67,-184,-145,-184,-162,-163,-161,-238,-232,-250,-72,-76,-27,-136,-45,-159,-157,-207,-156,-190,-62,-62,-142,-126,-62,-45,-41,-129,-135,-133,-129,-136,-153,-144,-139,-193,-195,-275,-188,-244,-218,-242,-215,-232,-228,-228,-199,-250,-248,-230,-232,-252,-242,-249,-249,-261,-269,-276,-273,-310,-346,-353,-303,-303,-315,-328,-327,-347,-350,-347,-347,-343]} 1. e4 c5 2. Nf3 d6 3. d4 cxd4 4. Nxd4 Nf6 5. Nc3 a6 6. h3 e5 7. Nf3 Be7 8. Bc4 Be6 9. Bxe6 fxe6 10. O-O Nc6 11. a3 O-O 12. Ng5 Qd7 13. Be3 h6 14. Nf3 d5 15. exd5 exd5 16. Bd2 e4 17. Ne1 Qf5 18. b4 d4 19. Ne2 Bd6 20. Ng3 Qe5 21. f4 exf3 22. Rxf3 Nd5 23. Qe2 Ne3 24. Nd3 Qd5 25. Bxe3 dxe3 26. Raf1 Bxg3 27. Rxg3 Rxf1+ 28. Qxf1 Rf8 29. Qe2 Nd4 30. Qxe3 Nf5 31. Qf3 Qd4+ 32. Kh2 Nxg3 33. Qxg3 Qc3 34. Qe3 Qxc2 35. Qd4 Kh8 36. Ne5 Qf5 37. Qd6 Qf4+ 38. Kg1 Qf2+ 39. Kh2 Qf4+ 40. Kg1 Qf2+ 41. Kh2 Rf6 42. Qd8+ Kh7 43. Qd3+ Qf5 44. Qg3 Qf4 45. Qxf4 Rxf4 46. Kg3 Re4 47. Ng4 h5 48. Kf3 Rc4 49. Nf2 Rc3+ 50. Ke4 Rxa3 51. Nd3 Ra2 52. Kf3 0-1

[Event "Landesklasse West 2024/25"]
[Site "?"]
[Date "2025.04.27"]
[Round "8.1"]
[White "Kirsch, Uwe"]
[Black "Königsmann, Marcus"]
[Result "1/2-1/2"]
[WhiteElo "1919"]
[BlackElo "1921"]
[PlyCount "27"]
[EventDate "2024.09.15"]
[EventType "team-tourn"]
[EventRounds "9"]
[WhiteTeam "TSG Ruhla"]
[BlackTeam "SC 1951 Nordhausen"]

{[%evp 0,27,26,26,75,64,61,53,88,63,40,61,35,9,16,-15,3,-12,-10,17,22,19,49,27,58,46,27,-7,146,35]} 1. d4 f5 2. g3 Nf6 3. Bg2 g6 4. Nh3 Bg7 5. O-O Nc6 6. e3 O-O 7. c4 d6 8. b3 e5 9. Bb2 Ne4 10. f3 Ng5 11. Nxg5 Qxg5 12. f4 Qe7 13. Re1 Kh8 14. Nc3 1/2-1/2

[Event "Landesklasse West 2024/25"]
[Site "?"]
[Date "2025.04.27"]
[Round "8.2"]
[White "Kuntze, Andreas"]
[Black "von Otte, Wilhelm"]
[Result "1-0"]
[WhiteElo "1999"]
[BlackElo "1900"]
[PlyCount "227"]
[EventDate "2024.09.15"]
[EventType "team-tourn"]
[EventRounds "9"]
[WhiteTeam "SC 1951 Nordhausen"]
[BlackTeam "TSG Ruhla"]

{[%evp 0,227,26,26,26,-2,42,42,28,34,34,24,62,61,62,60,54,58,58,47,88,0,137,22,58,42,78,76,86,39,47,32,-8,-3,46,46,46,43,102,27,83,28,79,77,73,55,78,68,76,42,83,97,97,113,130,126,134,147,161,158,187,199,233,168,170,177,349,180,189,157,173,179,180,168,188,128,128,122,190,188,189,179,179,181,184,203,211,195,174,169,233,202,231,227,271,211,281,244,316,211,281,281,304,288,267,203,685,472,551,624,1016,853,2037,727,1147,648,859,659,665,670,804,496,833,841,1014,507,507,507,507,657,657,685,803,803,945,724,748,527,537,242,246,246,281,316,335,475,485,485,485,485,485,485,507,507,507,537,537,537,537,567,577,567,1082,567,567,29956,29957,29956,29957,29958,29961,29960,29971,29964,29967,29968,29969,29970,29971,29974,29975,29972,29979,29976,29977,29974,29981,29978,29983,29974,29975,29972,29977,29980,29981,29978,29979,29978,29981,29980,29983,29984,29985,29980,29981,29982,29983,29984,29985,29986,29987,29984,29985,29986,29987,29988,29989,29990,29991,29992,29993,29992,29993,29994,29995,29996,29997,29998,29999,-30000]} 1. d4 d5 2. c4 e5 3. dxe5 d4 4. Nf3 Nc6 5. Nbd2 Bg4 6. h3 Be6 7. a3 Nge7 8. b4 Ng6 9. Bb2 Ngxe5 10. Rc1 Qd7 11. Qa4 f6 12. Nxd4 O-O-O 13. e3 Kb8 14. Qc2 Nxd4 15. exd4 Bf5 16. Qc3 Bd6 17. Be2 Rhe8 18. O-O Nc6 19. Qf3 g5 20. Bd3 Bf4 21. Bxf5 Qxf5 22. d5 Ne5 23. Bxe5 Qxe5 24. Rcd1 Qe2 25. Qxe2 Rxe2 26. Nf3 a5 27. g3 Bd6 28. c5 Bf8 29. Nd4 Ra2 30. Ne6 Re8 31. Rd3 axb4 32. axb4 Rb2 33. Rd4 b6 34. Nxf8 Rxf8 35. Re1 bxc5 36. bxc5 Kc8 37. d6 cxd6 38. cxd6 h5 39. Rc1+ Kd8 40. Ra1 Rb8 41. Ra7 f5 42. Rh7 f4 43. gxf4 gxf4 44. Kg2 Rb3 45. Ra7 Rb8 46. Kf3 Rb3+ 47. Ke4 Rb8 48. Rh7 Rb2 49. Ra7 Rb8 50. Kd5 f3 51. Ke6 Re8+ 52. Kf7 Rh8 53. Kg7 Re8 54. Rf4 Rc8 55. Rxf3 h4 56. Rf4 Rb8 57. Rxh4 Re6 58. Rh8+ Re8 59. Rh6 Rb2 60. f4 Rf2 61. Rf6 Rg2+ 62. Kf7 Rgg8 63. Ra8+ Kd7 64. Rxe8 Rxe8 65. Kg7 Re3 66. h4 Rg3+ 67. Kf7 Rh3 68. f5 Rxh4 69. Re6 Rf4 70. Kf6 Rf1 71. Re2 Kxd6 72. Rd2+ Kc5 73. Ke6 Re1+ 74. Kf7 Rf1 75. f6 Rf3 76. Ke7 Re3+ 77. Kf8 Rf3 78. f7 Rf1 79. Rg2 Kd6 80. Kg8 Ke7 81. Rg7 Ke6 82. f8=Q Rxf8+ 83. Kxf8 Kf6 84. Rh7 Kg6 85. Ra7 Kf6 86. Ra6+ Kf5 87. Ke7 Ke5 88. Ra5+ Kd4 89. Ke6 Kc4 90. Kd6 Kb4 91. Rh5 Kc4 92. Rg5 Kb4 93. Kc6 Kc4 94. Rg4+ Kd3 95. Kc5 Ke3 96. Kd5 Kf3 97. Rb4 Ke3 98. Ra4 Kf3 99. Ke5 Kg3 100. Kf5 Kf3 101. Ra3+ Ke2 102. Kf4 Kd2 103. Ke4 Kc2 104. Kd4 Kb2 105. Rg3 Kc2 106. Rh3 Kd2 107. Rh2+ Ke1 108. Kd3 Kf1 109. Ke3 Kg1 110. Rb2 Kf1 111. Ra2 Kg1 112. Kf3 Kh1 113. Kg3 Kg1 114. Ra1# 1-0

[Event "Landesklasse West 2024/25"]
[Site "?"]
[Date "2025.04.27"]
[Round "8.3"]
[White "Thrän, Uwe"]
[Black "Anisheva, Varvara"]
[Result "0-1"]
[WhiteElo "1748"]
[BlackElo "1927"]
[PlyCount "34"]
[EventDate "2024.09.15"]
[EventType "team-tourn"]
[EventRounds "9"]
[WhiteTeam "TSG Ruhla"]
[BlackTeam "SC 1951 Nordhausen"]

{[%evp 0,34,26,26,27,-3,52,45,31,38,38,36,46,33,31,57,35,17,20,18,17,8,-11,-11,17,-14,-16,-39,-45,-38,-38,-38,-47,-296,-326,-326,-305]} 1. d4 Nf6 2. c4 g6 3. Nc3 Bg7 4. e4 d6 5. Be2 O-O 6. Nf3 Nbd7 7. O-O e5 8. d5 Nc5 9. Qc2 a5 10. h3 Nh5 11. Be3 b6 12. a3 f5 13. b4 Nxe4 14. Nxe4 fxe4 15. Nd2 Nf4 16. Bxf4 exf4 17. Rae1 f3 0-1

[Event "Landesklasse West 2024/25"]
[Site "?"]
[Date "2025.04.27"]
[Round "8.5"]
[White "Brückmann, Volker"]
[Black "Rohde, Ragnar"]
[Result "1/2-1/2"]
[WhiteElo "1728"]
[BlackElo "1623"]
[PlyCount "99"]
[EventDate "2024.09.15"]
[EventType "team-tourn"]
[EventRounds "9"]
[WhiteTeam "TSG Ruhla"]
[BlackTeam "SC 1951 Nordhausen"]

{[%evp 0,99,26,-8,13,30,14,11,21,28,27,29,81,42,31,40,47,50,39,18,18,1,25,29,29,23,34,11,22,8,17,6,36,24,24,-25,-37,-41,-47,-62,-15,-3,42,42,71,36,47,38,25,26,44,55,46,25,50,60,74,65,78,22,20,13,12,4,5,0,22,24,22,31,9,9,10,-465,-465,-496,-294,-362,-283,-376,-385,-369,-369,-379,-380,-565,-384,-498,-532,-906,-1009,-1009,-1120,-1117,0,0,0,0,0,0,0,0]} 1. c4 c5 2. Nc3 Nf6 3. g3 d5 4. cxd5 Nxd5 5. Bg2 Nc7 6. Nf3 Nc6 7. O-O e5 8. d3 Be7 9. a3 O-O 10. Be3 f6 11. Na4 Ne6 12. Rc1 Ncd4 13. Nxd4 cxd4 14. Bd2 Rb8 15. b4 b6 16. Qb3 Kh8 17. Rc2 Nc7 18. Rfc1 Be6 19. Qb1 Bd6 20. Nb2 Qe7 21. Nc4 Rfc8 22. a4 Na6 23. Nxd6 Qxd6 24. Rc6 Rxc6 25. Rxc6 Qd7 26. Qc2 Rc8 27. b5 Nb8 28. Rxc8+ Qxc8 29. Qb2 Nd7 30. Bb4 Kg8 31. a5 bxa5 32. Bxa5 Qc5 33. Bc6 Nb8 34. Bb4 Qb6 35. Qc1 Nxc6 36. bxc6 Qxb4 37. c7 Qb7 38. f3 Kf7 39. Kf2 a5 40. g4 a4 41. h4 Qa6 42. g5 f5 43. h5 a3 44. Qc5 a2 45. Qxe5 a1=Q 46. h6 gxh6 47. Qf6+ Ke8 48. Qd8+ Kf7 49. Qf6+ Ke8 50. Qd8+ 1/2-1/2

[Event "Landesklasse West 2024/25"]
[Site "?"]
[Date "2025.04.27"]
[Round "8.6"]
[White "Gülsdorff, Florian"]
[Black "Hagen, Matthias"]
[Result "1/2-1/2"]
[WhiteElo "1565"]
[BlackElo "1632"]
[PlyCount "39"]
[EventDate "2024.09.15"]
[EventType "team-tourn"]
[EventRounds "9"]
[WhiteTeam "SC 1951 Nordhausen"]
[BlackTeam "TSG Ruhla"]

{[%evp 0,39,26,26,27,27,27,27,26,17,34,18,18,12,8,-3,-6,-7,-9,-11,-14,-21,-26,-30,-12,-20,-9,-26,-15,-21,-15,-7,10,4,55,49,16,12,22,3,6,3]} 1. d4 Nf6 2. Bf4 e6 3. Nf3 d5 4. e3 Bd6 5. Bxd6 Qxd6 6. c3 O-O 7. Bd3 Nc6 8. O-O e5 9. dxe5 Nxe5 10. h3 Nxd3 11. Qxd3 Re8 12. Nbd2 Bd7 13. Rfe1 Rad8 14. Rad1 Qb6 15. Qc2 c6 16. c4 Qc7 17. cxd5 Nxd5 18. a3 Be6 19. Nd4 Nf6 20. Nxe6 1/2-1/2

[Event "Landesklasse West 2024/25"]
[Site "?"]
[Date "2025.04.27"]
[Round "8.7"]
[White "Kabisch, Roland"]
[Black "Onnen, Erik"]
[Result "1-0"]
[WhiteElo "1570"]
[BlackElo "1516"]
[PlyCount "87"]
[EventDate "2024.09.15"]
[EventType "team-tourn"]
[EventRounds "9"]
[WhiteTeam "TSG Ruhla"]
[BlackTeam "SC 1951 Nordhausen"]

{[%evp 0,87,26,-25,-19,-17,-11,-15,3,7,-13,-18,13,-8,11,14,10,-3,0,-30,23,22,81,142,146,78,97,91,94,121,138,115,131,108,145,108,148,149,182,165,194,140,273,222,465,440,488,484,755,819,780,527,742,793,874,419,540,356,29989,242,272,285,298,324,303,307,325,320,332,326,335,334,372,387,387,387,393,395,390,371,364,371,375,374,399,391,423,363,374,374]} 1. f4 Nf6 2. Nf3 e6 3. e3 b6 4. Be2 Bb7 5. O-O d5 6. b3 Nbd7 7. Bb2 Be7 8. Qe1 c5 9. Ne5 d4 10. exd4 Nxe5 11. dxe5 Nd5 12. Bb5+ Kf8 13. a3 a6 14. Be2 Qd7 15. Bf3 Bc6 16. g3 b5 17. d3 Nb6 18. Nd2 Rc8 19. Bxc6 Qxc6 20. Qe4 Qc7 21. f5 exf5 22. Qxf5 Bd8 23. Ne4 Qe7 24. Nd6 Rc7 25. Rf3 Nd5 26. Raf1 f6 27. exf6 Nxf6 28. Bxf6 Qxf6 29. Qxf6+ Bxf6 30. Ne4 Re7 31. Nxf6 gxf6 32. Rxf6+ Kg7 33. Rxa6 Re2 34. Rf2 Re1+ 35. Kg2 Rhe8 36. Rb6 c4 37. Rxb5 cxd3 38. cxd3 Rd8 39. Rg5+ Kh6 40. h4 Rd6 41. b4 Rd1 42. Rf3 R1xd3 43. Rxd3 Rxd3 44. Ra5 1-0

[Event "Landesklasse West 2024/25"]
[Site "?"]
[Date "2025.04.27"]
[Round "8.8"]
[White "Schimm, Justin"]
[Black "Möller, Hans-Joachim"]
[Result "1/2-1/2"]
[WhiteElo "1395"]
[BlackElo "1684"]
[PlyCount "73"]
[EventDate "2024.09.15"]
[EventType "team-tourn"]
[EventRounds "9"]
[WhiteTeam "SC 1951 Nordhausen"]
[BlackTeam "TSG Ruhla"]

{[%evp 0,73,26,14,50,11,12,11,16,-1,-1,-12,12,-102,-9,-30,-33,-342,-348,-448,-447,-465,-370,-395,-307,-322,-282,-257,-255,-283,-130,-128,-176,-157,-135,-136,-76,-160,-83,-89,-97,-108,-91,-117,-63,-132,-128,-152,-160,-191,-115,-156,-158,-150,-170,-170,-122,-107,-103,-134,-120,-124,52,45,53,53,36,31,36,47,44,44,50,50,47,28]} 1. e4 e6 2. c4 c5 3. Nf3 Nc6 4. d4 cxd4 5. Nxd4 Nf6 6. Bg5 Be7 7. Nc3 Qa5 8. Nb3 Qxg5 9. h4 Qe5 10. Bd3 O-O 11. O-O Bb4 12. f4 Qc7 13. e5 Bxc3 14. bxc3 Nxe5 15. fxe5 Qxe5 16. Qf3 d5 17. Rae1 Qh5 18. Qg3 Qg4 19. Qxg4 Nxg4 20. cxd5 exd5 21. Nd4 f6 22. Re7 Ne5 23. Be2 Bd7 24. Bh5 Rac8 25. Nf3 Bg4 26. Bxg4 Nxg4 27. Rxb7 Rxc3 28. Rxa7 Rfc8 29. Nd4 R8c7 30. Ra8+ Kf7 31. Nb5 Ne3 32. Nxc3 Nxf1 33. Nxd5 Rc1 34. Ra7+ Kf8 35. Ra8+ Kf7 36. Ra7+ Kf8 37. Ra8+ 1/2-1/2

[Event "Landesklasse West 2024/25"]
[Site "?"]
[Date "2025.04.27"]
[Round "8.1"]
[White "Minor, Viatcheslav"]
[Black "Tuhacek, Christian"]
[Result "1/2-1/2"]
[WhiteElo "1966"]
[BlackElo "1878"]
[PlyCount "23"]
[EventDate "2024.09.15"]
[EventType "team-tourn"]
[EventRounds "9"]
[WhiteTeam "SV Wartburgstadt Eisenach"]
[BlackTeam "VfB 1919 Vacha"]

{[%evp 0,23,26,14,52,52,88,41,30,24,9,23,24,24,27,20,22,0,32,39,52,58,75,83,90,96]} 1. e4 c5 2. Nf3 d6 3. d3 Nc6 4. g3 g6 5. Bg2 Bg7 6. O-O Bd7 7. Re1 Qc8 8. c3 Bh3 9. d4 Bxg2 10. Kxg2 cxd4 11. cxd4 a6 12. Nc3 1/2-1/2

[Event "Landesklasse West 2024/25"]
[Site "?"]
[Date "2025.04.27"]
[Round "8.2"]
[White "Meyer, Thomas"]
[Black "Mutka, Oleksandr"]
[Result "1/2-1/2"]
[WhiteElo "1908"]
[BlackElo "1825"]
[PlyCount "70"]
[EventDate "2024.09.15"]
[EventType "team-tourn"]
[EventRounds "9"]
[WhiteTeam "VfB 1919 Vacha"]
[BlackTeam "SV Wartburgstadt Eisenach"]

{[%evp 0,70,26,-11,44,44,51,9,86,46,74,25,20,-43,-37,-38,-5,-17,-12,-6,-6,1,7,-27,-30,-36,-7,-7,4,11,43,37,34,59,99,13,53,45,52,51,87,66,117,114,123,101,85,94,111,97,112,93,105,108,203,46,54,43,40,40,46,46,46,23,62,60,59,49,124,55,56,41,75]} 1. c4 f5 2. Nc3 Nf6 3. g3 g6 4. Bg2 Bg7 5. d3 O-O 6. e4 fxe4 7. dxe4 d6 8. Nge2 e5 9. O-O Be6 10. b3 Nc6 11. h3 Qd7 12. Kh2 h6 13. Nd5 Rf7 14. Be3 Ne7 15. Qd2 g5 16. Rad1 Ng6 17. c5 Bxd5 18. exd5 dxc5 19. Bxc5 Ne8 20. Qd3 Nf8 21. Nc3 Nd6 22. Ne4 Rd8 23. a4 a6 24. Bf3 Qf5 25. Bg2 Ng6 26. Nxd6 Qxd3 27. Rxd3 cxd6 28. Ba3 Ne7 29. Be4 Nf5 30. Rc1 Nd4 31. f3 Rdd7 32. Rc8+ Rf8 33. Rdc3 Bf6 34. Kg2 Bd8 35. b4 Kg7 1/2-1/2

[Event "Landesklasse West 2024/25"]
[Site "?"]
[Date "2025.04.27"]
[Round "8.3"]
[White "Arnold, Sebastian"]
[Black "Korn, Kevin"]
[Result "1-0"]
[WhiteElo "1678"]
[BlackElo "1570"]
[PlyCount "35"]
[EventDate "2024.09.15"]
[EventType "team-tourn"]
[EventRounds "9"]
[WhiteTeam "SV Wartburgstadt Eisenach"]
[BlackTeam "VfB 1919 Vacha"]

{[%evp 0,35,26,26,61,61,72,57,67,62,56,40,48,41,56,33,27,26,60,11,39,26,53,30,70,17,-7,-7,20,-68,-47,-15,-52,-29,605,610,623,636]} 1. d4 f5 2. Nc3 Nf6 3. Bg5 e6 4. e3 Bb4 5. Bd3 h6 6. Bxf6 Qxf6 7. Nge2 b6 8. a3 Bd6 9. Qd2 Bb7 10. e4 e5 11. dxe5 Bxe5 12. f4 Bxc3 13. Nxc3 fxe4 14. Nxe4 Qxb2 15. O-O Qd4+ 16. Nf2 O-O 17. Bh7+ Kxh7 18. Qxd4 1-0

[Event "Landesklasse West 2024/25"]
[Site "?"]
[Date "2025.04.27"]
[Round "8.4"]
[White "Laut, Martin"]
[Black "Graupner, Markus"]
[Result "1-0"]
[WhiteElo "1539"]
[BlackElo "1597"]
[PlyCount "72"]
[EventDate "2024.09.15"]
[EventType "team-tourn"]
[EventRounds "9"]
[WhiteTeam "VfB 1919 Vacha"]
[BlackTeam "SV Wartburgstadt Eisenach"]

{[%evp 0,72,26,14,52,-1,25,2,15,1,-10,12,26,26,45,40,40,48,56,56,73,54,67,59,54,108,346,295,337,169,299,160,211,193,225,237,242,242,318,366,351,300,1023,363,363,330,342,351,342,347,351,249,261,236,210,223,223,207,324,331,333,359,572,364,433,440,468,140,306,333,516,607,654,221,29995]} 1. e4 c5 2. c3 e6 3. d4 d5 4. e5 Nc6 5. Nf3 cxd4 6. cxd4 Bb4+ 7. Nc3 Nge7 8. a3 Bxc3+ 9. bxc3 a6 10. Bd3 Qc7 11. Bd2 O-O 12. Bxh7+ Kh8 13. Bd3 f6 14. h4 Ng8 15. Bg6 fxe5 16. Nxe5 Nxe5 17. Qh5+ Nh6 18. dxe5 Rf5 19. Bxf5 Qxe5+ 20. Kf1 exf5 21. Re1 Qf6 22. Bg5 Qf7 23. Re8+ Kh7 24. Qxf7 Nxf7 25. f4 b5 26. Kf2 Nd6 27. Re7 Ne4+ 28. Kf3 a5 29. h5 Kg8 30. h6 gxh6 31. Rxh6 b4 32. axb4 axb4 33. Rhh7 Nxg5+ 34. fxg5 b3 35. g6 Ba6 36. Rh1 b2 1-0